Riconosci il Pokémon - Quiz n°294 - Statistics

Statistiche generali
  • Questo quiz è stato fatto 0 volte
  • Il punteggio medio è 0 su 10
Statistiche sulle risposte
Indizio Risposta % Corretto
Altezza 0,70 m
0%
Peso 19,8 kg
0%
Tasso di cattura 45 (11.9%)
0%
Sesso 50% ♂, 50% ♀
0%
Abilità Dentistretti; Nervisaldi
0%
Tasso di allevamento Medio-Lento
0%
Tipo Normale / Volante
0%
Stadio evoluzione Prima evoluzione
0%
Pokémon Swellow
0%
Generazione Terza
0%
Nessun quiz corrispondente trovato
Distribuzione punteggi
Percentuale di utenti per punteggio
Percentile per numero di risposta
I tuoi punteggi nel tempo
Non hai fatto questo quiz